Ballon d'Or 1988 - Statistiken

Allgemein
  • Dieses Quiz wurde 24 mal gespielt
  • Das Durchschnittsergebnis liegt bei 8 aus 24
Antwortstatistiken
Platz Land Verein/e Nation Punkte % Korrekt
1. Marco van Basten AC Mailand Niederlande 129
91%
2. Ruud Gullit AC Mailand Niederlande 88
83%
6. Lothar Matthäus FC Bayern München/Inter Mailand Deutschland 10
78%
3. Frank Rijkaard Real Saragossa/AC Mailand Niederlande 45
74%
8. Jürgen Klinsmann VfB Stuttgart Deutschland 5
61%
5. Ronald Koeman PSV Eindhoven Niederlande 39
57%
20. Gheorghe Hagi Steaua Bukarest Rumänien 1
48%
8. Franco Baresi AC Mailand Italien 5
39%
7. Gianluca Vialli Sampdoria Genua Italien 7
30%
13. Míchel Real Madrid Spanien 3
30%
17. Michel Preud'homme KV Mechelen Belgien 2
30%
17. Flemming Povlsen 1.FC Köln Dänemark 2
22%
13. Rinat Dasayev FC Spartak Moskau/FC Sevilla Sowjetunion 3
22%
20. Dejan Savicevic FK Budocnost Podgorica/Roter Stern Belgrad Jugoslawien 1
17%
20. Dragan Stojkovic Roter Stern Belgrad Jugoslawien 1
17%
20. Roberto Mancini Sampdoria Genua Italien 1
17%
8. Oleksandr Zavarov FC Dynamo Kiew/Juventus Turin Sowjetunion 5
13%
17. Walter Zenga Inter Mailand Italien 2
13%
20. Neville Southall FC Everton Wales 1
9%
4. Oleksiy Mykhalychenko FC Dynamo Kiew Sowjetunion 41
9%
13. Glenn Hysén AC Florenz Schweden 3
4%
11. Oleh Kuznetsov FC Dynamo Kiew Sowjetuinion 4
4%
11. Tanju Colak Galatasaray Istanbul Türkei 4
4%
13. Anatoliy Demyanenko FC Dynamo Kiew Sowjetunion 3
0%
Keine übereinstimmenden Quizze gefunden
Verteilung der Resultate
Anzahl Personen mit jedem Resultat
Perzentil nach korrekt beantworteten Fragen
Ihre Resultats-Entwicklung
Sie haben dieses Quiz noch nicht gespielt